000 00485cam a2200145 4500500
005 20251012032529.0
041 _afre
042 _adc
100 1 0 _aSesé, Bernard
_eauthor
245 0 0 _aJacques Le Brun, Le Pur amour de Platon à Lacan, Éditions du Seuil, 2002, 444 pages.
260 _c2003.
500 _a34
786 0 _nSigila | 12 | 2 | 2003-12-20 | p. 187-188 | 1286-1715
856 4 1 _uhttps://shs.cairn.info/revue-sigila-2003-2-page-187?lang=fr&redirect-ssocas=7080
999 _c1547562
_d1547562